000 00313nam a22001097a 4500
008 230704b xxu||||| |||| 00| 0 eng d
082 _a362.1
_bCDC
245 _aAIDS Recommendations and Guidelines
_bNovember 1982 -November 1986
260 _bCenters for Diseases Control Atlanta
300 _a66p
942 _2ddc
_cBK
999 _c3840
_d3840